| 000 | 00630nam a22002417a 4500 | ||
|---|---|---|---|
| 003 | UA-OsUOA | ||
| 001 | 16865 | ||
| 007 | ta | ||
| 008 | 20031030b un ||||| |||| 00| 0 ukr d | ||
| 100 | _aМазаний М. | ||
| 090 | _bМ-135 | ||
| 942 | _cBK | ||
| 040 |
_aUA-OsUOA _bukr _cUA-OsUOA _dUA-OsUOA |
||
| 245 | _aЗ капітолійського пагорба. Нотатки на межі світів | ||
| 300 | _a142 с. | ||
| 955 | _a0 | ||
| 041 | _aukr | ||
| 020 | _a966-7206-21-1 | ||
| 591 | _a26.890 | ||
| 260 |
_aРівне _bЛіста _c2001 |
||
| 044 | _aUA | ||
| 650 | 7 |
_aКраєзнавча робота _2UDC |
|
| 999 |
_c303032 _d303032 |
||